000 01172caa a22002172a 4500
001 006129
003 AR-FADEU
008 311216n########xxu####################dd
092 _a302.23
_bS642
100 _aGleason, H. A.
245 _aEl morfema
300 _aPP. 211-216
500 _aEn: Comunicación y cultura. Tomo I: La teoría de la comunicación humana / Alfred G. Smith. Buenos Aires : Nueva Visión, 1972
942 _cBDGR
773 0 _07314
_95256
_aSmith, Alfred G., comp.
_b
_dBuenos Aires
_o6214
_tComunicación y cultura
_w( AR-FADEU) 001476
_x
_z
773 0 _07314
_95257
_aSmith, Alfred G., comp.
_b
_dBuenos Aires
_o6216
_tComunicación y cultura
_w( AR-FADEU) 001476
_x
_z
773 0 _07314
_95258
_aSmith, Alfred G., comp.
_b
_dBuenos Aires
_o5131
_tComunicación y cultura
_w( AR-FADEU) 001476
_x
_z
773 0 _07314
_95259
_aSmith, Alfred G., comp.
_b
_dBuenos Aires
_o20115
_tComunicación y cultura
_w( AR-FADEU) 001476
_x
_z
773 0 _08086
_96421
_aSmith, Alfred G.
_b
_dBuenos Aires
_o6213
_tComunicación y cultura
_w( AR-FADEU) 002252
_x
_z
773 0 _08086
_96422
_aSmith, Alfred G.
_b
_dBuenos Aires
_o6215
_tComunicación y cultura
_w( AR-FADEU) 002252
_x
_z
999 _c11949
_d11949